000 00294nam a2200109 4500
999 _c10497
_d10497
008 180903b ||||| |||| 00| 0 eng d
245 _aSpreading the value of handwashing.
260 _aPhilippines
_bManila Bulletin
_cc2016
300 _apage 14.
650 0 _930814
_aHygiene.
942 _2ddc
_cPER